<?xml version="1.0" encoding="UTF-8"?>
<record
    xmlns:xsi="http://www.w3.org/2001/XMLSchema-instance"
    xsi:schemaLocation="http://www.loc.gov/MARC21/slim http://www.loc.gov/standards/marcxml/schema/MARC21slim.xsd"
    xmlns="http://www.loc.gov/MARC21/slim">

  <leader>00677nam a22002057a 4500</leader>
  <controlfield tag="005">20170717104043.0</controlfield>
  <controlfield tag="008">170717b        xxu||||| |||| 00| 0 eng d</controlfield>
  <datafield tag="020" ind1=" " ind2=" ">
    <subfield code="a">2-7462-0770-2</subfield>
  </datafield>
  <datafield tag="040" ind1=" " ind2=" ">
    <subfield code="a">BUAC</subfield>
    <subfield code="c">BUC</subfield>
  </datafield>
  <datafield tag="100" ind1=" " ind2=" ">
    <subfield code="a">Deswarte, Yves</subfield>
  </datafield>
  <datafield tag="245" ind1=" " ind2=" ">
    <subfield code="a">S&#xE9;curit&#xE9; des r&#xE9;seaux et syst&#xE8;mes r&#xE9;partis</subfield>
    <subfield code="c">/ par dir. Yves Deswarte, Ludovic M&#xE9;</subfield>
  </datafield>
  <datafield tag="260" ind1=" " ind2=" ">
    <subfield code="a">Paris : </subfield>
    <subfield code="b">Lavoisier,</subfield>
    <subfield code="c">2002</subfield>
  </datafield>
  <datafield tag="300" ind1=" " ind2=" ">
    <subfield code="a">266 p.</subfield>
    <subfield code="c">; 24 cm</subfield>
  </datafield>
  <datafield tag="440" ind1=" " ind2=" ">
    <subfield code="a">(Reseau et Telecoms)</subfield>
    <subfield code="n">(Information-commande-communication)</subfield>
  </datafield>
  <datafield tag="500" ind1=" " ind2=" ">
    <subfield code="a">Bibliogr. &#xE0; la fin de chaque chapitre
Index pp. (265-266)</subfield>
  </datafield>
  <datafield tag="630" ind1=" " ind2=" ">
    <subfield code="a">SCIENCES APPLIQUEES</subfield>
  </datafield>
  <datafield tag="650" ind1=" " ind2=" ">
    <subfield code="a">r&#xE9;seau : s&#xE9;curit&#xE9;</subfield>
  </datafield>
  <datafield tag="700" ind1=" " ind2=" ">
    <subfield code="a">M&#xE9;, Ludovic</subfield>
  </datafield>
  <datafield tag="942" ind1=" " ind2=" ">
    <subfield code="c">LBA</subfield>
  </datafield>
  <datafield tag="999" ind1=" " ind2=" ">
    <subfield code="c">56721</subfield>
    <subfield code="d">56721</subfield>
  </datafield>
  <datafield tag="952" ind1=" " ind2=" ">
    <subfield code="0">0</subfield>
    <subfield code="1">0</subfield>
    <subfield code="4">0</subfield>
    <subfield code="7">0</subfield>
    <subfield code="a">BUAC</subfield>
    <subfield code="b">BUAC</subfield>
    <subfield code="c">R&#xE9;serve</subfield>
    <subfield code="d">2017-07-17</subfield>
    <subfield code="e">Don  ARES</subfield>
    <subfield code="f">17/264</subfield>
    <subfield code="l">0</subfield>
    <subfield code="o">621.39 DES</subfield>
    <subfield code="p">17-264Buc</subfield>
    <subfield code="r">2017-07-17 00:00:00</subfield>
    <subfield code="t">01</subfield>
    <subfield code="w">2017-07-17</subfield>
    <subfield code="y">LBA</subfield>
  </datafield>
</record>
